Prognozirovanije realizacii i pribyli v ob'jedinenii na EVM

Saved in:
Bibliographic Details
Format: Book
Language:Russian
Published: Moskva Finansy i statistika 1982
Tags: Add Tag
No Tags, Be the first to tag this record!

MARC

LEADER 00000nam a2200000 4500
001 c129583
005 20250725112656.2
041 0 |a rus 
044 |a RU 
245 1 0 |a Prognozirovanije realizacii i pribyli v ob'jedinenii na EVM  |c Aleksandr Janovič Vaninskij 
264 1 |a Moskva  |b Finansy i statistika  |c 1982 
300 |a 93 s.